000 00526nam a2200181 a 4500
001 000010415
005 20240412074218.0
008 091007s1998 dr 000 p spa d
040 _aDO-SdBNP
_bspa
_cBNPHU
082 _aRD861.44
_bK13m
100 1 _aKais Barinas, Blanca
_9871
245 1 4 _aLas manos del tiempo /
_cBlanca Kais Barinas.
260 _aSanto Domingo :
_bImpresora El Aguila,
_c1998.
300 _a52 p. ;
_c20 cm.
650 0 _aPoesía dominicana
_966
650 0 _aLiteratura dominicana.
_967
049 _aBNPD
999 _c10174
_d10174